Towards the new information society of tomorrow: (Record no. 6135)
[ view plain ]
| 000 -LEADER | |
|---|---|
| fixed length control field | 00567nam a22001577a 4500 |
| 008 - FIXED-LENGTH DATA ELEMENTS--GENERAL INFORMATION | |
| fixed length control field | 230303b |||||||| |||| 00| 0 eng d |
| 040 ## - CATALOGING SOURCE | |
| Original cataloging agency | National Science Library |
| Transcribing agency | National Science Library |
| 080 ## - UNIVERSAL DECIMAL CLASSIFICATION NUMBER | |
| Universal Decimal Classification number | D 02:681.3(082.2) |
| Item number | N8 |
| 245 ## - TITLE STATEMENT | |
| Title | Towards the new information society of tomorrow: |
| Remainder of title | Innovations, challenges and impact |
| 260 ## - PUBLICATION, DISTRIBUTION, ETC. | |
| Place of publication, distribution, etc. | New Delhi: |
| Name of publisher, distributor, etc. | Indian National Scientific Documentation Centre, |
| Date of publication, distribution, etc. | 1998 |
| 300 ## - PHYSICAL DESCRIPTION | |
| Extent | xvi, I-101+II-163+III-155+IV-87p. |
| 650 ## - SUBJECT ADDED ENTRY--TOPICAL TERM | |
| Topical term or geographic name entry element | Conference |
| 700 ## - ADDED ENTRY--PERSONAL NAME | |
| Personal name | Malwad, N M (Ed.) |
| 700 ## - ADDED ENTRY--PERSONAL NAME | |
| Personal name | Asundi, A Y (Ed.) |
| 942 ## - ADDED ENTRY ELEMENTS (KOHA) | |
| Source of classification or shelving scheme | Universal Decimal Classification |
| Koha item type | Proceedings |
| Withdrawn status | Lost status | Source of classification or shelving scheme | Damaged status | Not for loan | Home library | Current library | Shelving location | Date acquired | Total Checkouts | Full call number | Barcode | Date last seen | Price effective from | Koha item type |
|---|---|---|---|---|---|---|---|---|---|---|---|---|---|---|
| Universal Decimal Classification | National Science Library | National Science Library | GF/Rk-2/C-6/R-6 | 16/04/1999 | D 02:681.3(082.2) N8 | 178466 | 03/03/2023 | 03/03/2023 | Proceedings |